| 000 | 00574nam a2200217Ia 4500 | ||
|---|---|---|---|
| 005 | 20260429112216.0 | ||
| 008 | 260429s9999||||xx |||||||||||||| ||und|| | ||
| 020 | _a9789355241115 | ||
| 041 | _aEnglish | ||
| 082 |
_a541.395 _bGON |
||
| 100 | _aGonzalez, Michael | ||
| 245 | 0 |
_aCharacterization techniques in catalysts / _cMichael Gonzalez |
|
| 250 | _a1st ed. | ||
| 260 |
_aJaipur : _bOxford, _c2024. |
||
| 300 | _aviii, 272 p.; hb | ||
| 650 | _a Catalysis | ||
| 650 | _a Physical chemistry | ||
| 650 | _a Surface chemistry | ||
| 650 | _aChemistry | ||
| 942 | _cTB | ||
| 999 |
_c52903 _d52903 |
||